Публичные финансы и финансовое право: учебник; информационные ресурсы

Dades bibliogràfiques
Autor principal: Базулин Ю. В. Юрий Вилович
Altres autors: Козырин А. Н. Александр Николаевич
Sumari:Заглавие с титульного экрана
Электронная версия печатной публикации
Режим доступа: из корпоративной сети ТПУ
Idioma:rus
Publicat: Москва, АНО ЦППИ, 2009
Col·lecció:Магистерский учебник
Matèries:
Accés en línia:http://www.lib.tpu.ru/fulltext2/m/2009/consultant/bazulin_kozyrin.pdf
Format: Electrònic Llibre
KOHA link:https://koha.lib.tpu.ru/cgi-bin/koha/opac-detail.pl?biblionumber=159629

MARC

LEADER 00000nlm0a2200000 4500
001 159629
005 20231101222127.0
035 |a (RuTPU)RU\TPU\book\173137 
090 |a 159629 
100 |a 20090513d2009 k y0rusy50 ca 
101 0 |a rus 
102 |a RU 
105 |a y z 000zy 
135 |a vrcn ---uucaa 
181 0 |a i  
182 0 |a b 
200 1 |a Публичные финансы и финансовое право  |b Электронный ресурс  |e учебник  |e информационные ресурсы  |f Ю. В. Базулин, А. Н. Козырин 
203 |a Текст  |c электронный 
210 |a Москва  |d 2009  |c АНО ЦППИ 
225 1 |a Магистерский учебник  |i В. 1 
230 |a 1 компьютерный файл (pdf; 2250 KB) 
300 |a Заглавие с титульного экрана 
300 |a Электронная версия печатной публикации 
333 |a Режим доступа: из корпоративной сети ТПУ 
337 |a Adobe Reader 
606 1 |a Финансовое право  |2 stltpush  |3 (RuTPU)RU\TPU\subj\63965  |9 80895 
610 1 |a правила оформления 
610 1 |a библиографический аппарат 
610 1 |a методы поиска 
610 1 |a финансовая информация 
610 1 |a правовая информация 
610 1 |a библиографические списки 
610 1 |a финансы 
610 1 |a финансовое право 
610 1 |a учебники 
610 1 |a информационные ресурсы 
610 1 |a электронный ресурс 
686 |a Х622я73  |v LBC/SL-A  |2 rubbk 
700 1 |a Базулин  |b Ю. В.  |g Юрий Вилович 
701 1 |a Козырин  |b А. Н.  |g Александр Николаевич 
801 1 |a RU  |b 63413507  |c 20090513  |g PSBO 
801 2 |a RU  |b 63413507  |c 20090525  |g PSBO 
856 4 |u http://www.lib.tpu.ru/fulltext2/m/2009/consultant/bazulin_kozyrin.pdf 
942 |c CF